The Law of Torts : (Record no. 3434)
[ view plain ]
| 000 -LEADER | |
|---|---|
| fixed length control field | 00583nam a2200193Ia 4500 |
| 003 - CONTROL NUMBER IDENTIFIER | |
| control field | BUBTL |
| 008 - FIXED-LENGTH DATA ELEMENTS--GENERAL INFORMATION | |
| fixed length control field | 151213s9999 xx 000 0 und d |
| 082 ## - DEWEY DECIMAL CLASSIFICATION NUMBER | |
| Classification number | 346.03/ J559t/ 2008 |
| 100 ## - MAIN ENTRY--PERSONAL NAME | |
| Personal name | Jhabvala, Noshirvan H. |
| 9 (RLIN) | 4773 |
| 245 ## - TITLE STATEMENT | |
| Title | The Law of Torts : |
| Statement of responsibility, etc. | Noshirvan H. Jhabvala & Yusuf Iqbal Yusuf |
| 250 ## - EDITION STATEMENT | |
| Edition statement | 26th Edn |
| 260 ## - PUBLICATION, DISTRIBUTION, ETC. (IMPRINT) | |
| Place of publication, distribution, etc. | Mumbai |
| Name of publisher, distributor, etc. | C. Jamnadas & Com. |
| Date of publication, distribution, etc. | c2008 |
| 300 ## - PHYSICAL DESCRIPTION | |
| Extent | 254p. : |
| Other physical details | 22 cm |
| 650 ## - SUBJECT ADDED ENTRY--TOPICAL TERM | |
| Topical term or geographic name as entry element | Law |
| 700 ## - ADDED ENTRY--PERSONAL NAME | |
| Personal name | Noshirvan H. Jhabvala & Yusuf Iqbal Yusuf |
| 9 (RLIN) | 4774 |
| 856 ## - ELECTRONIC LOCATION AND ACCESS | |
| Password | 0 |
| Logon | 0 |
| Link text | Download |
| 942 ## - ADDED ENTRY ELEMENTS (KOHA) | |
| Source of classification or shelving scheme | |
| Koha item type | Books |
| Withdrawn status | Lost status | Source of classification or shelving scheme | Damaged status | Not for loan | Collection code | Permanent location | Current location | Shelving location | Date acquired | Source of acquisition | Inventory number | Total Checkouts | Full call number | Barcode | Date last seen | Copy number | Price effective from | Koha item type | Date last checked out | Total Renewals |
|---|---|---|---|---|---|---|---|---|---|---|---|---|---|---|---|---|---|---|---|---|
| Not For Loan | Non-fiction | Bangladesh University of Business and Technology Library | Bangladesh University of Business and Technology Library | Law Stacks | 09/05/2008 | Purchase | 5954 | 346.03/ J559t/ 2008 | BUBTL-20035954 | 10/17/2022 | C-1 | 10/17/2022 | Books | |||||||
| Not For Loan | Non-fiction | Bangladesh University of Business and Technology Library | Bangladesh University of Business and Technology Library | Law Stacks | 09/05/2008 | Purchase | 5958 | 346.03/ J559t/ 2008 | BUBTL-20035958 | 10/17/2022 | C-2 | 10/17/2022 | Books | |||||||
| Non-fiction | Bangladesh University of Business and Technology Library | Bangladesh University of Business and Technology Library | Law Stacks | 08/18/2010 | Purchase | 7971 | 10 | 346.03/ J559t/ 2008 | BUBTL-20037971 | 05/13/2024 | C-3 | 10/17/2022 | Books | 05/06/2024 | ||||||
| Non-fiction | Bangladesh University of Business and Technology Library | Bangladesh University of Business and Technology Library | Law Stacks | 08/18/2010 | Purchase | 7975 | 4 | 346.03/ J559t/ 2008 | BUBTL-20037975 | 05/21/2024 | C-4 | 10/17/2022 | Books | 09/11/2023 | 2 | |||||
| Non-fiction | Bangladesh University of Business and Technology Library | Bangladesh University of Business and Technology Library | Law Stacks | 08/18/2010 | Purchase | 7980 | 5 | 346.03/ J559t/ 2008 | BUBTL-20037980 | 02/22/2024 | C-5 | 10/17/2022 | Books | 02/19/2024 | 1 |
